Giải phẫu thực vật
Gorde:
| Egile nagusia: | |
|---|---|
| Formatua: | Liburua |
| Hizkuntza: | Undetermined |
| Argitaratua: |
Hà Nội
KHKT
1980
|
| Gaiak: | |
| Etiketak: |
Etiketa erantsi
Etiketarik gabe, Izan zaitez lehena erregistro honi etiketa jartzen!
|
| Thư viện lưu trữ: | Trung tâm Học liệu Trường Đại học Cần Thơ |
|---|
| LEADER | 00631nam a2200193Ia 4500 | ||
|---|---|---|---|
| 001 | CTU_33299 | ||
| 008 | 210402s9999 xx 000 0 und d | ||
| 082 | |a 581.4 | ||
| 082 | |b E74/T1 | ||
| 100 | |a Katherine Esau | ||
| 245 | 0 | |a Giải phẫu thực vật | |
| 245 | 0 | |c Katherine Esau; Dịch giả: Phạm Hải | |
| 260 | |a Hà Nội | ||
| 260 | |b KHKT | ||
| 260 | |c 1980 | ||
| 526 | |a TT. Hình thái giải phẫu thực vật,Hình thái giải phẫu thực vật | ||
| 526 | |b SP179,SP178 | ||
| 650 | |a botany - anatomy,plant physiology | ||
| 980 | |a Trung tâm Học liệu Trường Đại học Cần Thơ | ||